Ważne daty w historii świata. - Statystyki

Ogólne statystyki
  • Ten quiz został rozwiązany 541 razy
    523 od ostatniego zresetowania
  • Średni wynik to 19 z 43
Statystyki odpowiedzi
Wydarzenie Dzień i miesiąc Rok % Poprawnych
Narodziny Jezusa Chrystusa ----------------------- 1
75%
Bitwa pod Grunwaldem 15 lipca 1410
73%
Trzeci rozbiór Polski 24 października 1795
73%
Rozpoczęcie drugiej wojny światowej 1 września 1939
73%
Zdetonowanie bomby atomowej na Hiroszimę 6 sierpnia 1945
70%
Odkrycie Ameryki przez Kolumba 12 października 1492
69%
Rozpoczęcie pierwszej wojny światowej 29 lipca 1914
69%
Przystąpienie Amerykanów do wojny 11 grudnia 1941
68%
Upadek Cesarstwa zachodniorzymskiego ----------------------- 476
68%
Samorozwiązanie ZSRR 26 grudnia 1991
67%
Wygrana Polaków z Bolszewikami 25 sierpnia 1920
65%
Upadek muru Berlińskiego 9 listopada 1989
63%
Wyrzucenie Osmanów spod Wiednia 12 września 1683
55%
Odwrót Napoleona spod Moskwy 18 października 1812
55%
Upadek Cesarstwa Bizantyjskiego 29 maja 1453
53%
Napoleon Bonaparte ogłasza się cesarzem 18 maja 1804
52%
Deklaracja niepodległości Stanów Zjednoczonych 4 lipca 1776
51%
Śmierć Kazimierza Wielkiego 5 listopada 1370
47%
Początki reformacji Lutra 31 października 1517
46%
Koronacja Karola Wielkiego na cesarza ----------------------- 800
46%
Wybuch wojny secesyjnej 12 kwietnia 1861
42%
Koniec wiosny ludów w Europie 13 sierpnia 1849
41%
Bitwa pod termopilami ----------------------- 480 p.n.e
41%
Wygnanie Mahometa z Mekki do Medyny (narodziny Islamu) 15 lipca 622
41%
Schizma Wschodnia ----------------------- 1054
40%
Wynalezienie druku ----------------------- 1450
39%
Początek rewolucji w Rosji 22 stycznia 1905
39%
Wyzwolenie Indii spod władzy Wielkiej Brytanii 15 sierpnia 1947
36%
Karol Młot wypędza Arabów z Europy w bitwie pod Poitiers 25 października 732
33%
Wyruszenie pierwszej wyprawy krzyżowej ----------------------- 1096
32%
Początek wojny francusko-pruskiej 19 lipca 1870
31%
Początek wojny trzydziestoletniej 23 maja 1618
29%
Koniec wielkiego pożaru Rzymu 23 lipca 64
24%
Noc św. Bartłomieja 23 na 24 sierpnia 1572
23%
Odkrycie Penicyliny ----------------------- 1938
23%
Koronacja Ottona I na cesarza ----------------------- 962
23%
Jerzy V zasiadł na tronie Wielkiej Brytanii 6 maja 1910
21%
Utworzenie państwa kościelnego ----------------------- 755
19%
Zdobycie Kartaginy przez Rzymian ----------------------- 146 p.n.e
18%
Dictatus Papae zawierające 27 tez ----------------------- 1075
13%
Zdobycie Moskwy przez Mongołów ----------------------- 1238
10%
Wprowadzenie stanów generalnych we Francji ----------------------- 1302
9%
Wojna domowa w Anglii 22 sierpnia 1138
3%
Nie znaleziono quizów pasujących do podanych kryteriów
Rozkład punktacji
Procent ludzi z każdym wynikiem
Percentyl według liczby udzielonych odpowiedzi
Twoja historia wyników
Nie rozwiązałeś tego quizu od ostatniego zresetowania